000 00613cam a2200229 4500
001 J112034
008 000000n2001 000 0 eng u
035 _a(Sirsi) u112034
050 _a333.337
110 _aInsignia Richard Ellis
_93847
245 _aCentral London office market outlook - Spring and Autumn 2001
260 _aLondon
_bInsignia Richard Ellis Research
_c2001
300 _a2pt ; 30cm.
650 _aLONDON
650 _aOFFICES
650 _aPROPERTY MARKET
650 _aRENTS
650 _aYIELDS
650 _aINVESTMENT
690 _aPROPERTY-COMMERCIAL PROPERTY
942 _n0
999 _c101349
_d101349